[Event "Hampshire Individual ch"]
[Site "Eastleigh"]
[Date "2010.11.13"]
[Round "4"]
[White "Kawuma, Steven Male"]
[Black "Tunks, Dominic R"]
[Result "0-1"]
[WhiteElo "2216"]
[BlackElo "2128"]
[PlyCount "136"]
[EventDate "2010.11.12"]
[EventType "swiss"]
[EventRounds "6"]
[EventCountry "ENG"]

1. e4 c6 2. d4 d5 3. exd5 cxd5 4. c4 Nf6 5. Nc3 e6 6. Nf3 Be7 7. Bd3 O-O 8. O-O
dxc4 9. Bxc4 Nc6 10. Re1 b6 11. Bf4 Bb7 12. Qd2 Rc8 13. Be2 Nd5 14. Bg5 Nxd4
15. Qxd4 Bxg5 16. Ne4 Be7 17. Qa4 a6 18. Rad1 b5 19. Qb3 Qb6 20. Ne5 {(=)} Qc7
21. Nd3 Qc2 22. Bf3 Qxb3 23. axb3 Rc7 24. Re2 Rfc8 25. g3 g6 26. Kf1 Kg7 27. h4
Rd8 28. Ra1 Nb4 29. Nxb4 Bxb4 30. Ng5 Bxf3 31. Nxf3 a5 32. Ne1 Rd5 33. Nc2 Bd2
34. Na3 Rcd7 35. Rd1 Bb4 36. Rxd5 Rxd5 37. Re3 Bc5 38. Rf3 Bd6 39. Ke2 Be5 40.
Rd3 Bd4 41. Nxb5 Rxb5 42. Rxd4 Rxb3 43. Rd2 Kf6 44. Kf1 Rb5 45. Kg2 h5 46. Re2
Ke7 47. Kf3 Kd6 48. Rd2+ Kc5 49. Ke3 Kc4 50. Rc2+ Kb3 51. Kd2 Rb4 52. Rc7 Kxb2
53. Rxf7 a4 54. Rc7 a3 55. Rc2+ Kb3 56. Rc3+ Ka4 57. Rc8 a2 58. Kc2 Rb5 59.
Ra8+ Ra5 60. Rxa5+ Kxa5 61. Kb2 Kb4 62. f3 Kc4 63. g4 Kd3 64. Kxa2 Ke3 65. gxh5
gxh5 66. Kb3 Kxf3 67. Kc3 Kg4 68. Kd3 Kxh4 0-1

[Event "Hampshire Individual ch"]
[Site "Eastleigh"]
[Date "2010.11.13"]
[Round "4"]
[White "McDougall, Andrew"]
[Black "Gill, Oliver"]
[Result "1-0"]
[WhiteElo "2072"]
[BlackElo "2016"]
[PlyCount "83"]
[EventDate "2010.11.12"]
[EventType "swiss"]
[EventRounds "6"]
[EventCountry "ENG"]

1. e4 e5 2. Nf3 Nf6 3. Nxe5 d6 4. Nf3 Nxe4 5. Nc3 Nxc3 6. dxc3 Be7 7. Be3 Nc6
8. Qd2 Be6 9. O-O-O Qd7 10. Kb1 a6 11. Bd3 Ne5 12. Be2 Bf6 13. h3 Qa4 14. b3
Qa5 15. Nd4 O-O 16. f4 Nc6 17. g4 Nxd4 18. Bxd4 Bxd4 19. Qxd4 Rae8 20. Bf3 Bc8
21. Kb2 Qc5 22. Rhe1 Qxd4 23. cxd4 c6 24. Kc3 Bd7 25. a3 Rxe1 26. Rxe1 Re8 27.
Rxe8+ Bxe8 28. Be2 c5 29. Bf3 b6 30. Kc4 Kf8 31. Bb7 a5 32. dxc5 dxc5 33. Kd5
Bb5 34. Kd6 Bf1 35. h4 c4 36. b4 axb4 37. axb4 f6 38. c3 Bh3 39. Bf3 h6 40. Kc6
g5 41. fxg5 hxg5 42. hxg5 1-0

[Event "Hampshire Individual ch"]
[Site "Eastleigh"]
[Date "2010.11.13"]
[Round "4"]
[White "McDougall, William M"]
[Black "Yeo, Michael J"]
[Result "0-1"]
[WhiteElo "2048"]
[BlackElo "2160"]
[PlyCount "50"]
[EventDate "2010.11.12"]
[EventType "swiss"]
[EventRounds "6"]
[EventCountry "ENG"]

1. d4 d5 2. c4 dxc4 3. e4 Nc6 4. Be3 Nf6 5. Nc3 e5 6. d5 Na5 7. Qa4+ c6 8. dxc6
Nxc6 9. Nf3 Bd7 10. Qxc4 Bb4 11. Be2 Qa5 12. O-O Bxc3 13. bxc3 Rd8 14. Rfd1 O-O
15. Bc5 Rfe8 16. Ng5 h6 17. Bb4 Nxb4 18. cxb4 Qb6 19. Qxf7+ Kh8 20. Qb3 hxg5
21. Bc4 Bg4 22. Re1 Rd2 23. Qg3 Qd4 24. Rac1 Rc8 25. Bf7 Rxc1 0-1

[Event "Hampshire Individual ch"]
[Site "Eastleigh"]
[Date "2010.11.13"]
[Round "4"]
[White "Williams, Peter A"]
[Black "McMaster, Richard G"]
[Result "1/2-1/2"]
[WhiteElo "2144"]
[BlackElo "2000"]
[PlyCount "42"]
[EventDate "2010.11.12"]
[EventType "swiss"]
[EventRounds "6"]
[EventCountry "ENG"]

1. d4 f5 2. Nh3 Nf6 3. Bg5 e6 4. Nf4 Be7 5. e3 O-O 6. Nd2 Na6 7. c3 Rb8 8. Bd3
c5 9. Qe2 Nc7 10. O-O b6 11. f3 Nfd5 12. Bxe7 Qxe7 13. Nxd5 Nxd5 14. g3 cxd4
15. cxd4 Bb7 16. a3 Qg5 17. f4 Qf6 18. Nf3 Qe7 19. Rac1 Nf6 20. Ne5 Rfc8 21.
Ba6 d6 1/2-1/2

[Event "Hampshire Individual ch"]
[Site "Eastleigh"]
[Date "2010.11.14"]
[Round "5"]
[White "Cordner, David A"]
[Black "Dallas, Peter L"]
[Result "0-1"]
[WhiteElo "2024"]
[BlackElo "1808"]
[PlyCount "100"]
[EventDate "2010.11.12"]
[EventType "swiss"]
[EventRounds "6"]
[EventCountry "ENG"]

1. d4 Nf6 2. Bg5 c6 3. Nc3 Nd5 4. e4 Nxc3 5. bxc3 g6 6. Qd2 h6 7. Be3 d6 8. f4
Nd7 9. Bd3 Qa5 10. Ne2 Bg7 11. O-O Nf6 12. h3 d5 13. Ng3 dxe4 14. Nxe4 Nxe4 15.
Bxe4 f5 16. Bf3 h5 17. Rfe1 Bf6 18. Qd3 Kf7 19. c4 Rd8 20. Rab1 Be6 21. Bf2
Qxa2 22. Rxb7 Qxc4 23. Qxc4 Bxc4 24. Bxc6 Bd5 25. Bxd5+ Rxd5 26. c4 Rdd8 27. d5
Ke8 28. Bxa7 Rxa7 29. Rxa7 Bd4+ 30. Kf1 Bxa7 31. Ke2 Rb8 32. Kd3 Rb3+ 33. Kc2
Rg3 34. d6 Re3 35. Ra1 Bc5 36. Ra8+ Kd7 37. dxe7 Rxe7 38. Ra5 Bf2 39. Kd3 Re3+
40. Kd2 Be1+ 41. Kxe3 Bxa5 42. Kf3 h4 43. g4 hxg3 44. Kxg3 Be1+ 45. Kf3 Bh4 46.
Ke3 Kd6 47. Kd4 Bf2+ 48. Kd3 Kc5 49. Ke2 Bg3 50. Kf3 Bh4 0-1

[Event "Hampshire Individual ch"]
[Site "Eastleigh"]
[Date "2010.11.14"]
[Round "5"]
[White "Edney, Richard H"]
[Black "Williams, Peter A"]
[Result "0-1"]
[WhiteElo "1840"]
[BlackElo "2144"]
[PlyCount "76"]
[EventDate "2010.11.12"]
[EventType "swiss"]
[EventRounds "6"]
[EventCountry "ENG"]

1. d4 d5 2. c4 c6 3. Nc3 Nf6 4. e3 Bg4 5. Nf3 e6 6. Be2 Nbd7 7. cxd5 exd5 8.
O-O Bd6 9. a3 O-O 10. h3 Bh5 11. b3 Re8 12. Bb2 h6 13. Qc2 Bg6 14. Bd3 Bxd3 15.
Qxd3 Ne4 16. Qc2 Nxc3 17. Qxc3 Nf6 18. Rfd1 Ne4 19. Qd3 Qf6 20. Qe2 Qf5 21. Qd3
Qf6 22. Qe2 Qf5 23. Qd3 Qh5 24. Rac1 Re6 25. Kf1 Rf6 26. Ke1 Re8 27. Rc2 Rxf3
28. gxf3 Qxf3 29. Qe2 Qxh3 30. Qf1 Qh2 31. Bc1 Re6 32. Rb2 Bxa3 33. Re2 Bb4+
34. Bd2 Bxd2+ 35. Rdxd2 Nxd2 36. Kxd2 Rg6 37. Qa1 a6 38. Qa5 Qd6 0-1

[Event "Hampshire Individual ch"]
[Site "Eastleigh"]
[Date "2010.11.14"]
[Round "5"]
[White "Fowler, David W"]
[Black "Butcher, Doug"]
[Result "1-0"]
[WhiteElo "1968"]
[BlackElo "1936"]
[PlyCount "125"]
[EventDate "2010.11.12"]
[EventType "swiss"]
[EventRounds "6"]
[EventCountry "ENG"]

1. e4 d5 2. exd5 Nf6 3. Bb5+ Bd7 4. Be2 Nxd5 5. d4 e6 6. c4 Bb4+ 7. Kf1 Nf6 8.
c5 c6 9. Qb3 Ba5 10. Qxb7 Qc7 11. Qxa8 O-O 12. a3 Nd5 13. b4 Nb6 14. cxb6 Bxb6
15. Bb2 Bc8 16. Nd2 Bb7 17. Qxb7 Qxb7 18. Ngf3 Rd8 19. Nb3 Nd7 20. Nc5 Nxc5 21.
dxc5 Bxc5 22. Bc3 Bb6 23. g3 c5 24. Kg2 cxb4 25. Bxb4 a5 26. Bc3 Qe4 27. Ra2 g5
28. h3 h5 29. Bf6 Rd5 30. g4 h4 31. Rc1 Qf4 32. Rc8+ Kh7 33. Ba1 e5 34. Bc4 Rd8
35. Bxe5 Qe4 36. Rxd8 Bxd8 37. Rd2 Qxc4 38. Rxd8 Qe4 39. Rd4 Qa8 40. Ra4 Kg6
41. Rd4 f6 42. Bd6 Qc6 43. Rd3 Kf7 44. Kf1 Qe4 45. Re3 Qd5 46. Be7 Qc4+ 47. Ke1
Qc1+ 48. Ke2 Qc4+ 49. Kd2 Qa2+ 50. Kd3 Qxf2 51. Bc5 Qf1+ 52. Ke4 Qb1+ 53. Kd5
Qb7+ 54. Kc4 Qa6+ 55. Kd4 Qb5 56. Rd3 Qb2+ 57. Kd5 Qe2 58. Re3 Qd1+ 59. Nd4
Qh1+ 60. Kd6 Qh2+ 61. Kd7 Qb8 62. Re7+ Kg6 63. Nf5 1-0

[Event "Hampshire Individual ch"]
[Site "Eastleigh"]
[Date "2010.11.14"]
[Round "5"]
[White "Gill, Oliver"]
[Black "Pye, David E"]
[Result "0-1"]
[WhiteElo "2016"]
[BlackElo "2032"]
[PlyCount "92"]
[EventDate "2010.11.12"]
[EventType "swiss"]
[EventRounds "6"]
[EventCountry "ENG"]

1. e4 e6 2. d4 d5 3. exd5 exd5 4. c4 Nf6 5. Nc3 Nc6 6. c5 Be7 7. Bb5 Bd7 8.
Nge2 O-O 9. Bg5 Nb4 10. a3 Bxb5 11. axb4 a6 12. Nxb5 axb5 13. O-O Qd7 14. Ng3
c6 15. Re1 h6 16. Bf4 Rfc8 17. Qf3 Nh7 18. h3 Ng5 19. Bxg5 Bxg5 20. Nf5 g6 21.
Ne3 h5 22. g4 h4 23. Ng2 Qc7 24. Qd3 Kg7 25. Rxa8 Rxa8 26. Rf1 Re8 {(=)} 27. f4
Bd8 28. g5 Re4 29. Qd2 Qe7 30. Re1 Bc7 31. Rxe4 Qxe4 32. Qf2 Kg8 33. Kf1 {(=)}
Qd3+ 34. Kg1 Qxh3 35. Nxh4 Qg4+ 36. Ng2 Qd1+ 37. Kh2 Qg4 38. Qe3 Qxg5 39. Kg1
Qf6 40. Qe8+ Kg7 41. Qe3 Qf5 42. Qe7 Bxf4 43. Qxb7 Bg3 44. Nf4 Qxf4 45. Kg2
Qf2+ 46. Kh3 Bf4 0-1

[Event "Hampshire Individual ch"]
[Site "Eastleigh"]
[Date "2010.11.14"]
[Round "5"]
[White "Kawuma, Steven Male"]
[Black "McDougall, Andrew"]
[Result "1/2-1/2"]
[WhiteElo "2216"]
[BlackElo "2072"]
[PlyCount "150"]
[EventDate "2010.11.12"]
[EventType "swiss"]
[EventRounds "6"]
[EventCountry "ENG"]

1. e4 c5 2. Nf3 d6 3. d4 cxd4 4. Nxd4 Nf6 5. Nc3 a6 6. Be2 e6 7. O-O Be7 8. Be3
O-O 9. f4 Nc6 10. Qd2 Qc7 11. Nxc6 bxc6 12. Kh1 c5 13. Bf3 Rb8 14. Rab1 Bb7 15.
a3 Rfd8 16. Qe2 Nd7 17. Rbe1 Bc6 18. Bc1 Bf6 19. Nd1 Bb5 20. c4 Ba4 21. Nf2 Rb6
22. e5 dxe5 23. Ng4 exf4 24. Be4 e5 25. Rf3 h5 26. Nf2 Nf8 27. g3 Ne6 28. Rc3
g6 29. Bd5 Nd4 30. Qe4 Kg7 31. gxf4 exf4 32. Bxf4 Qd7 33. Rg3 Re8 34. Qxe8 Qxe8
35. Rxe8 Bxe8 36. Re3 Rxb2 37. Rxe8 Rxf2 38. Bd6 Ne6 39. Ra8 Bd4 40. Rxa6 Ng5
41. h4 Ne6 42. Ra7 Kf6 43. a4 Rf1+ 44. Kg2 Rf2+ 45. Kg3 Ra2 46. a5 Ra3+ 47. Kg2
Ra2+ 48. Kf3 Rf2+ 49. Kg3 Rf1 50. a6 Be5+ 51. Kg2 Ra1 52. Be7+ Kf5 53. Bxe6+
fxe6 54. Bxc5 Kg4 55. Ra8 Ra2+ 56. Kf1 Kf3 57. Ke1 Bf4 58. Rd8 Rxa6 59. Rd3+
Ke4 60. Rc3 Rc6 61. Bf2 Be5 62. Re3+ Kf4 63. Ke2 Rxc4 64. Bg3+ Kg4 65. Bxe5
Kxh4 66. Kf3 g5 67. Bg3+ Kh3 68. Be1 g4+ 69. Ke2+ Kg2 70. Rg3+ Kh2 71. Kf1 Rc2
72. Re3 Rc1 73. Re2+ Kh3 74. Kg1 g3 75. Rxe6 h4 1/2-1/2

[Event "Hampshire Individual ch"]
[Site "Eastleigh"]
[Date "2010.11.14"]
[Round "5"]
[White "Lawson, Maurice E"]
[Black "McDougall, William M"]
[Result "0-1"]
[WhiteElo "1912"]
[BlackElo "2048"]
[PlyCount "74"]
[EventDate "2010.11.12"]
[EventType "swiss"]
[EventRounds "6"]
[EventCountry "ENG"]

1. e4 c5 2. Nf3 d6 3. d4 cxd4 4. Nxd4 Nf6 5. Nc3 a6 6. Bg5 e6 7. f4 Qc7 8. Qf3
b5 9. Bd3 Bb7 10. O-O-O Nbd7 11. Rhe1 Be7 12. g4 Nc5 13. a3 O-O 14. Bxf6 Bxf6
15. Bf1 Qb6 16. Kb1 b4 17. axb4 Qxb4 18. Qe3 Rab8 19. Na2 Qb6 20. e5 Be4 21. b3
dxe5 22. fxe5 Nxb3 23. Nxb3 Qxb3+ 24. Qxb3 Rxb3+ 25. Kc1 Bg5+ 26. Rd2 Bxd2+ 27.
Kxd2 Rb2 28. Rxe4 Rxa2 29. Rd4 g6 30. h4 Rc8 31. Bd3 Rc5 32. h5 Kg7 33. g5 Rxe5
34. h6+ Kf8 35. Rd8+ Ke7 36. Rh8 Rxg5 37. Rxh7 Kf6 0-1

[Event "Hampshire Individual ch"]
[Site "Eastleigh"]
[Date "2010.11.14"]
[Round "5"]
[White "McMaster, Richard G"]
[Black "Kamarunsalehin, Kamis"]
[Result "1-0"]
[WhiteElo "2000"]
[BlackElo "1880"]
[PlyCount "109"]
[EventDate "2010.11.12"]
[EventType "swiss"]
[EventRounds "6"]
[EventCountry "ENG"]

1. d4 d5 2. c4 c6 3. Nc3 Nf6 4. Nf3 e6 5. cxd5 exd5 6. Bg5 Be7 7. e3 O-O 8. Bd3
Be6 9. Qc2 Nbd7 10. h3 h6 11. Bh4 Re8 12. g4 c5 13. Rg1 Ne4 14. Bxe7 Qxe7 15.
Nxe4 dxe4 16. Bxe4 cxd4 17. Nxd4 Rac8 18. Qd2 Nc5 19. Bc2 Qc7 20. Rg3 Red8 21.
h4 Qe7 22. g5 h5 23. g6 Qxh4 24. gxf7+ Bxf7 25. O-O-O Ne6 26. Qd3 g6 27. Rdg1
Rxc2+ 28. Kxc2 Nxd4+ 29. exd4 Rxd4 30. Rxg6+ Kf8 31. Qf5 Rc4+ 32. Kb1 Qf4 33.
Rg8+ Ke7 34. Re1+ Kd6 35. Rd8+ Kc6 36. Qd7+ Kb6 37. Qd6+ Qxd6 38. Rxd6+ Kc5 39.
Rh6 Rf4 40. Re2 Kd4 41. Kc2 Rf5 42. b3 a6 43. Kd2 Rf3 44. Rh7 Rd3+ 45. Ke1 Rf3
46. Re7 Bg6 47. Rh6 Be4 48. Rxh5 Bc6 49. Rh4+ Kc3 50. Re3+ Kb2 51. Rxf3 Bxf3
52. Ra4 Bc6 53. f4 Bd7 54. Kd2 Bf5 55. Ra5 1-0

[Event "Hampshire Individual ch"]
[Site "Eastleigh"]
[Date "2010.11.14"]
[Round "5"]
[White "Tunks, Dominic R"]
[Black "Yeo, Michael J"]
[Result "0-1"]
[WhiteElo "2128"]
[BlackElo "2160"]
[PlyCount "86"]
[EventDate "2010.11.12"]
[EventType "swiss"]
[EventRounds "6"]
[EventCountry "ENG"]

1. Nf3 Nf6 2. b3 d5 3. Bb2 e6 4. e3 Bd6 5. c4 O-O 6. Nc3 c5 7. d4 cxd4 8. exd4
Nc6 9. c5 Bb8 10. Bb5 e5 11. Bxc6 exd4 12. Nxd5 Nxd5 13. Bxd5 Re8+ 14. Kf1 Qxd5
15. Qxd4 Qxd4 16. Bxd4 b6 17. cxb6 Ba6+ 18. Kg1 axb6 19. h4 Bb7 20. h5 b5 21.
Rh4 f5 22. Be3 Re4 23. Rxe4 Bxe4 24. Rd1 Ba7 25. Bxa7 Rxa7 26. Ng5 Kf8 27. Nxe4
fxe4 28. Rd4 Rxa2 29. Rxe4 Ra3 30. Rb4 Ra1+ 31. Kh2 Ra5 32. Rf4+ Ke7 33. Rf5 g6
{diagram} 34. b4 $4 (34. Rc5 Kd6 35. b4 {wins easily.}) 34... gxf5 35. bxa5 Kd6
36. Kg3 b4 37. a6 Kc6 38. a7 Kb7 39. Kf4 b3 40. Kxf5 b2 41. Kf6 b1=Q 42. Kg7
Qf5 43. Kh6 Kxa7 0-1

[Event "Hampshire Individual ch"]
[Site "Eastleigh"]
[Date "2010.11.14"]
[Round "6"]
[White "Butcher, Doug"]
[Black "Cordner, David A"]
[Result "0-1"]
[WhiteElo "1936"]
[BlackElo "2024"]
[PlyCount "40"]
[EventDate "2010.11.12"]
[EventType "swiss"]
[EventRounds "6"]
[EventCountry "ENG"]

1. Nf3 d5 2. b3 Bg4 3. e3 e5 4. h3 Bxf3 5. Qxf3 e4 6. Qd1 Nf6 7. Bb2 Bd6 8. c4
O-O 9. d3 dxc4 10. dxc4 Nc6 11. a3 Qe7 12. Nc3 Rad8 13. Qc2 Ne5 14. Nxe4 Nxe4
15. Qxe4 Bb4+ 16. Ke2 Rd2+ 17. Ke1 Rxb2+ 18. Kd1 Qd6+ 19. Qd4 Rd2+ 20. Qxd2
Qxd2# 0-1

[Event "Hampshire Individual ch"]
[Site "Eastleigh"]
[Date "2010.11.14"]
[Round "6"]
[White "Dallas, Peter L"]
[Black "McMaster, Richard G"]
[Result "0-1"]
[WhiteElo "1808"]
[BlackElo "2000"]
[PlyCount "128"]
[EventDate "2010.11.12"]
[EventType "swiss"]
[EventRounds "6"]
[EventCountry "ENG"]

1. Nf3 d6 2. g3 e5 3. d3 Nc6 4. Bg2 h6 5. c4 g6 6. Nc3 Bg7 7. Be3 Nd4 8. Bxd4
exd4 9. Nb5 c5 10. Qa4 Kf8 11. b4 a6 12. bxc5 Bd7 13. Qb4 axb5 14. cxb5 Qa5 15.
Qxa5 Rxa5 16. cxd6 Rxb5 17. Nd2 Nf6 18. O-O Ke8 19. a4 Rb4 20. a5 Bc8 21. Rfc1
Kd8 22. Nc4 Ne8 23. Rcb1 Rxb1+ 24. Rxb1 Kd7 25. Nb6+ Kd8 26. Nxc8 Kxc8 27. Rxb7
Nxd6 28. Rb3 Re8 29. Kf1 Re7 30. Rb6 Rc7 31. f4 Bf8 32. Ra6 Kd7 33. Ra8 Nc8 34.
Rb8 Bd6 35. Rb1 Ra7 36. Bd5 f5 37. Bf7 Ne7 38. Ra1 g5 39. fxg5 hxg5 40. Kf2 Nc6
41. a6 Nb4 42. Bc4 Nc2 43. Bb5+ Kc7 44. Rc1 Kb6 45. Be8 Rc7 46. Ba4 Ne3 47.
Rxc7 Bxc7 48. h3 Kxa6 49. Bd7 Kb6 50. g4 f4 51. Ba4 Kc5 52. Kf3 Kd5 53. Bb3+
Ke5 54. Ba4 Ba5 55. Bb3 Bd2 56. Ba4 Be1 57. Bb3 Bh4 58. Ba4 Nf1 59. Bd1 Nd2+
60. Kg2 f3+ 61. exf3 Kf4 62. Ba4 Nxf3 63. Bb5 Ke3 64. Kf1 Ne5 0-1

[Event "Hampshire Individual ch"]
[Site "Eastleigh"]
[Date "2010.11.14"]
[Round "6"]
[White "Kamarunsalehin, Kamis"]
[Black "Lawson, Maurice E"]
[Result "0-1"]
[WhiteElo "1880"]
[BlackElo "1912"]
[PlyCount "64"]
[EventDate "2010.11.12"]
[EventType "swiss"]
[EventRounds "6"]
[EventCountry "ENG"]

1. d4 f5 2. c4 Nf6 3. Nf3 e6 4. g3 d5 5. Bg2 c6 6. O-O Bd6 7. c5 Bc7 8. Bg5 O-O
9. Nc3 Nbd7 10. b4 Qe8 11. Bxf6 Rxf6 12. b5 e5 13. e3 e4 14. Nd2 g5 15. bxc6
bxc6 16. f4 gxf4 17. gxf4 Ba6 18. Rf2 Rg6 19. Kh1 Nf6 20. Bh3 Ng4 21. Bxg4 Rxg4
22. Qa4 Bd3 23. Rg1 a5 24. Rfg2 Qd7 25. Nxd5 Qxd5 26. Rxg4+ fxg4 27. Rxg4+ Kf7
28. Rg5 Qe6 29. d5 cxd5 30. Qd4 Rg8 31. Rxd5 Qg4 32. Rd7+ Ke8 0-1

[Event "Hampshire Individual ch"]
[Site "Eastleigh"]
[Date "2010.11.14"]
[Round "6"]
[White "McDougall, William M"]
[Black "Tunks, Dominic R"]
[Result "0-1"]
[WhiteElo "2048"]
[BlackElo "2128"]
[PlyCount "117"]
[EventDate "2010.11.12"]
[EventType "swiss"]
[EventRounds "6"]
[EventCountry "ENG"]

1. d4 Nc6 2. e4 e5 3. dxe5 Nxe5 4. Nf3 Qf6 5. Nxe5 Qxe5 6. Bd3 Bc5 7. O-O Nf6
8. Kh1 d6 9. Qe2 Bd7 10. Nd2 O-O 11. Nc4 Qe6 12. Bg5 Rfe8 13. Rfe1 d5 14. exd5
Qxe2 15. Bxe2 {(=)} Nxd5 16. Kg1 Bb5 17. Bd3 Nb4 18. Be3 Bxe3 19. Rxe3 Rxe3 20.
fxe3 Nxd3 21. cxd3 Rd8 22. Rc1 Rxd3 23. Kf2 f6 24. Ke2 Rd5 25. b3 c5 26. a4 Ba6
27. Kf3 b6 28. h4 Kf7 29. Rc3 Ke6 30. g4 Rd1 31. h5 Bb7+ 32. e4 Rf1+ 33. Ke2
Rf4 34. Rd3 Rxe4+ 35. Kf2 Bd5 36. Ne3 Rd4 37. Rc3 Rd2+ 38. Ke1 Rb2 39. Nxd5
Kxd5 40. Rd3+ Kc6 41. h6 gxh6 42. Rf3 Kd5 43. Rxf6 Rxb3 44. Rf7 Rb4 45. Rxa7
Rxg4 46. a5 bxa5 47. Rxa5 Rd4 48. Ra7 h5 49. Rxh7 h4 50. Rh8 Kc4 51. Ke2 Kc3
52. Rh5 c4 53. Rh8 Kc2 54. Rh7 c3 55. Ke3 Rd3+ 56. Ke2 h3 57. Rh8 h2 58. Rc8
h1=Q 59. Rxc3+ 0-1

[Event "Hampshire Individual ch"]
[Site "Eastleigh"]
[Date "2010.11.14"]
[Round "6"]
[White "Payne, Stephen J"]
[Black "Edney, Richard H"]
[Result "1-0"]
[WhiteElo "1976"]
[BlackElo "1840"]
[PlyCount "59"]
[EventDate "2010.11.12"]
[EventType "swiss"]
[EventRounds "6"]
[EventCountry "ENG"]

1. e4 c5 2. Nc3 Nc6 3. Bb5 g6 4. Bxc6 dxc6 5. d3 Bg7 6. f4 Nf6 7. Nf3 b6 8. O-O
O-O 9. Qe1 e6 10. e5 Ne8 11. Be3 Qe7 12. Bf2 Bb7 13. Bh4 Qc7 14. Ne4 h6 15. Qg3
Kh7 16. Qh3 Rh8 17. g4 Bc8 18. Qg3 a5 19. a4 Ra7 20. Rad1 Kg8 21. c4 Kh7 22. d4
cxd4 23. Rxd4 c5 24. Rd8 Qc6 25. Rxe8 Rxe8 26. Nf6+ Kh8 27. Qh3 Bb7 28. Bg5 Ba8
29. Bxh6 Bxf6 30. Bg5+ 1-0

[Event "Hampshire Individual ch"]
[Site "Eastleigh"]
[Date "2010.11.14"]
[Round "6"]
[White "Williams, Peter A"]
[Black "Fowler, David W"]
[Result "1-0"]
[WhiteElo "2144"]
[BlackElo "1968"]
[PlyCount "55"]
[EventDate "2010.11.12"]
[EventType "swiss"]
[EventRounds "6"]
[EventCountry "ENG"]

1. d4 d5 2. c4 e6 3. Nf3 c6 4. e3 Nd7 5. Nc3 Ngf6 6. Bd3 dxc4 7. Bxc4 b5 8. Bd3
Bd6 9. O-O O-O 10. e4 e5 11. h3 h6 12. Be3 a6 13. dxe5 Nxe5 14. Nxe5 Bxe5 15.
Qc2 Bd4 16. Bxd4 Qxd4 17. Rad1 Qe5 18. f4 Qc5+ 19. Kh2 Qa7 20. Rfe1 Bb7 21. e5
Nd5 22. Nxd5 cxd5 23. f5 Rac8 24. Qe2 Qb8 25. f6 g6 26. Qg4 Kh7 27. Bxg6+ fxg6
28. Qd7+ 1-0

[Event "Hampshire Individual ch"]
[Site "Eastleigh"]
[Date "2010.11.14"]
[Round "6"]
[White "Yeo, Michael J"]
[Black "McDougall, Andrew"]
[Result "1-0"]
[WhiteElo "2160"]
[BlackElo "2072"]
[PlyCount "101"]
[EventDate "2010.11.12"]
[EventType "swiss"]
[EventRounds "6"]
[EventCountry "ENG"]

1. e4 c5 2. Nf3 d6 3. d4 cxd4 4. Nxd4 Nf6 5. Nc3 a6 6. Bg5 e6 7. f4 Qc7 8. Qf3
b5 9. Bxf6 gxf6 10. O-O-O Bb7 11. Bd3 Nc6 12. Nxc6 Bxc6 13. Rhe1 Be7 14. Qh5 b4
15. Ne2 Qb6 16. Ng3 Qc5 17. e5 Qf2 18. exd6 Qxf4+ 19. Kb1 Qxd6 20. Nf5 exf5 21.
Bc4 O-O-O 22. Rxd6 Bxd6 23. Qxf5+ Kb7 24. Qxf6 Rhe8 25. Qxf7+ Kb6 26. Rxe8 Rxe8
27. Kc1 Re7 28. Qf6 Bc5 29. Bd5 Rc7 30. Bxc6 Rxc6 31. Qf3 Re6 32. g4 Be3+ 33.
Kd1 Rd6+ 34. Ke2 Bg5 35. Qf2+ Kc6 36. Qf5 h6 37. Qa5 Rd4 38. Qxa6+ Kd5 39. Qb7+
Ke5 40. Qc7+ Ke4 41. Qh7+ Ke5 42. h4 Bxh4 43. Qxh6 Rxg4 44. Qh5+ Kf4 45. Qf7+
Ke5 46. Qe8+ Kf5 47. Qd7+ Kf4 48. Kd3 Be1 49. Qd4+ Kf5 50. Qd5+ Kf6 51. Qf3+
1-0

[Event "Hampshire Major"]
[Site "Eastleigh"]
[Date "2010.11.12"]
[Round "1"]
[White "Beaney, Alex"]
[Black "Ross, David EC"]
[Result "1-0"]
[WhiteElo "1736"]
[BlackElo "1872"]
[PlyCount "117"]
[EventDate "2010.11.12"]
[EventType "swiss"]
[EventRounds "6"]
[EventCountry "ENG"]

1. d4 Nf6 2. Bf4 g6 3. e3 Bg7 4. Nf3 O-O 5. Nbd2 d5 6. c3 Nbd7 7. Be2 b6 8. O-O
h6 9. Ne5 Nxe5 10. Bxe5 Bb7 11. Rc1 c5 12. Re1 Nd7 13. Bxg7 Kxg7 14. Bf3 e5 15.
Be2 c4 16. b3 b5 17. Rb1 Bc6 18. dxe5 Nxe5 19. Nf3 Qe7 20. Nd4 Bd7 21. Nc2 Rfd8
22. Nb4 Bf5 23. Ra1 a5 24. Nc2 Nc6 25. Nd4 Nxd4 26. exd4 Qd6 27. Bf3 Re8 28.
Qd2 a4 29. b4 Qd7 30. a3 Bg4 31. Qf4 Bxf3 32. Qxf3 Re6 33. Re5 Rae8 34. Rae1
Rxe5 35. dxe5 Re6 36. Qe3 Qe7 37. Qd4 Kh7 38. Qxd5 f6 39. Qxb5 fxe5 40. g3 e4
41. Kf1 Qf6 42. Qxc4 Qf3 43. Kg1 e3 44. Qe2 Qf6 45. c4 exf2+ 46. Qxf2 Rxe1+ 47.
Qxe1 Qd4+ 48. Qf2 Qa1+ 49. Kg2 Qxa3 50. b5 Qb4 51. Qf7+ Kh8 52. Qe8+ Kg7 53.
Qd7+ Kf6 54. Qc6+ Kf7 55. b6 g5 56. Qd5+ Kg6 57. Qe4+ Kg7 58. b7 Qd6 59. Kh3
1-0

[Event "Hampshire Major"]
[Site "Eastleigh"]
[Date "2010.11.12"]
[Round "1"]
[White "Desmedt, Richard E"]
[Black "Hurn, Paul AT"]
[Result "1/2-1/2"]
[WhiteElo "1792"]
[BlackElo "1656"]
[PlyCount "71"]
[EventDate "2010.11.12"]
[EventType "swiss"]
[EventRounds "6"]
[EventCountry "ENG"]

1. d4 e6 2. f4 d5 3. e3 Nf6 4. Nf3 c5 5. c3 Nc6 6. Bd3 Be7 7. Nbd2 O-O 8. O-O
c4 9. Bc2 b5 10. Ne5 Bd7 11. Rf3 b4 12. Rh3 h6 13. e4 Nh7 14. Nxc6 Bxc6 15. e5
bxc3 16. bxc3 f5 17. exf6 Nxf6 18. Nf3 Be8 19. Qe1 Bf7 20. Ne5 Qe8 21. Qg3 Nh5
22. Qf3 Nf6 23. g4 Nd7 24. Nxd7 Qxd7 25. Qg3 e5 26. Bf5 exf4 27. Bxf4 Be6 28.
Bxe6+ Qxe6 29. Re1 Qf7 30. Rh5 Qxf4 31. Qxf4 Rxf4 32. Rxe7 Raf8 33. h3 Rf1+ 34.
Kg2 R8f2+ 35. Kg3 Rf3+ 36. Kg2 1/2-1/2

[Event "Hampshire Major"]
[Site "Eastleigh"]
[Date "2010.11.12"]
[Round "1"]
[White "Moore, Gillian A"]
[Black "Fields, David"]
[Result "0-1"]
[WhiteElo "1752"]
[BlackElo "1592"]
[PlyCount "106"]
[EventDate "2010.11.12"]
[EventType "swiss"]
[EventRounds "6"]
[EventCountry "ENG"]

1. d4 c6 2. c3 d5 3. Bg5 Nd7 4. Nf3 Ngf6 5. Nbd2 e6 6. e3 Be7 7. Bd3 h6 8. Bxf6
Nxf6 9. O-O Bd7 10. Ne5 Qc7 11. f4 c5 12. Rb1 a6 13. Nxd7 Qxd7 14. Qe2 c4 15.
Bc2 h5 16. e4 b5 17. e5 Ng8 18. f5 Bg5 19. Rbd1 O-O-O 20. fxe6 fxe6 21. Bg6 Nh6
22. Nf3 Qe7 23. b3 Ng4 24. Nxg5 Qxg5 25. Bf7 Kd7 26. Rf3 Rdf8 27. Rdf1 Ke7 28.
Bxe6 Rxf3 29. Qxf3 Qe3+ 30. Qxe3 Nxe3 31. Bxd5 Nxf1 32. Kxf1 cxb3 33. Bxb3 Rc8
34. Ke2 Rxc3 35. Kd2 Rc8 36. a3 Rf8 37. Ke2 g5 38. Bc2 Ke6 39. Be4 Rc8 40. Kd3
a5 41. Bg6 h4 42. Ke4 Rc4 43. Bf5+ Ke7 44. Kd5 Rc3 45. h3 b4 46. axb4 axb4 47.
Bb1 b3 48. Ke4 Rg3 49. Kf5 Rxg2 50. Kg6 g4 51. hxg4 Rxg4+ 52. Kf5 Rxd4 53. Kg5
h3 0-1

[Event "Hampshire Major"]
[Site "Eastleigh"]
[Date "2010.11.12"]
[Round "1"]
[White "Smith, Steven J"]
[Black "Wiseman, John M"]
[Result "1/2-1/2"]
[WhiteElo "1864"]
[BlackElo "1712"]
[PlyCount "58"]
[EventDate "2010.11.12"]
[EventType "swiss"]
[EventRounds "6"]
[EventCountry "ENG"]

1. d4 Nf6 2. c4 e6 3. a3 d5 4. Nc3 c5 5. e3 cxd4 6. exd4 b6 7. cxd5 Nxd5 8. Nf3
a6 9. Bg5 Be7 10. Bxe7 Nxe7 11. Rc1 Bb7 12. Bc4 O-O 13. O-O Nd7 14. Qe2 Nf6 15.
Rfd1 b5 16. Bb3 Rc8 17. Ng5 Ned5 18. Nxd5 Bxd5 19. Bxd5 Qxd5 20. Nf3 Ne4 21. h3
h6 22. a4 Nd6 23. axb5 axb5 24. Qe5 Rxc1 25. Rxc1 Rc8 26. Rxc8+ Nxc8 27. Qb8
Qc6 28. Ne5 Qc1+ 29. Kh2 Qf4+ 1/2-1/2